000 00339nam a2200121Ia 4500
008 150202s9999 xx 000 0 und d
050 _aFIC
_bFIC
100 _aSchlafly, Phyllis.
245 4 _aThe gravediggers /
_cPhyllis Schlafly.
260 _aUSA :
_bPere Marquette Press,
_c1964.
300 _a126 pages :
_c18 cm.
650 _aFiction.
999 _c282398
_d282398